00649 2200229 4500001002100000005001500021035002000036007000300056008003900059020001600098082000900114084001500123100001700138245006800155250001400223260003600237300003800273500001100311650003300322650004400355990002000399INLIS00000000000470820231113083327 a0010-1123000059ta231113 | | |  a979534242-8 a6271 a6271 STE t0 aSteve Parker1 aTanya & Jawab Ensiklopedia :bSains & Teknologi /cSteve Parker aCet. 1,-- aBandung. :bPakar Raya.,c2005. a40 hlm. :bilus. ;c20,5 x 28 cm. aIndeks aAlih bahasa, Yosephine ratih aPenyunting bahasa, Rachmad Isnanto, S.S a11254/P/Bl/2016